000 01039nam a2200289 a 4500
005 20080820131943.0
008 060418s2006 caua |s 001 0 eng d
010 _aENG-91159
020 _a9780070248731
_c495.00
020 _a0070248737
035 _aEN-74692
037 _bDBAD / PUB
040 _adpl
_bEnglish
082 _a005.10685
100 _aMalik, Kamna
245 _aSoftware quality:
_cby Kamna Malik [and] Praveen Choudhary
_ba practitioner's approach /
260 _aNew Delhi
_bTata McGraw-Hill Publishing
_c2008
270 _a7 West Patel Nagar,
_bNew Delhi
_e110008
300 _axv, 212p.
_c26cm (Hb)
500 _aIncludes index.
650 _aComputer software
_xQuality control.
700 _aChoudhary, Praveen
710 _aBooks24x7, Inc.
942 _2ddc
_cEN
_mMAL
_h005.10685
999 _c16277
_d16277